Central Library OPAC University of Rajshahi

Gardening in India a practical handbook on fruit and flower gardening./ (Record no. 75324)

MARC details
000 -LEADER
fixed length control field 00797cam a2200265u 4500
001 - CONTROL NUMBER
control field 75324
003 - CONTROL NUMBER IDENTIFIER
rucl marc code BD-RjUL
005 - DATE AND TIME OF LATEST TRANSACTION
control field 20211209082655.0
008 - FIXED-LENGTH DATA ELEMENTS--GENERAL INFORMATION
fixed length control field 821119s1946 ii 000 0 eng
035 ## - SYSTEM CONTROL NUMBER
System control number (BD-RjUL)75542
040 ## - CATALOGING SOURCE
Original cataloging agency DLC
Transcribing agency CarP
Modifying agency DLC
Language of cataloging eng
041 ## - LANGUAGE CODE
Language code of text/sound track or separate title eng
043 ## - GEOGRAPHIC AREA CODE
Geographic area code a-ii---
082 ## - DEWEY DECIMAL CLASSIFICATION NUMBER
Edition number 23
Classification number 635.0954
Author mark and year BIG 1946
100 1# - MAIN ENTRY--PERSONAL NAME
Personal name Bindal, Amar Nath. [from old catalog]
9 (RLIN) 228635
245 00 - TITLE STATEMENT
Title Gardening in India a practical handbook on fruit and flower gardening./
Statement of responsibility, etc. Amar Nath Bindal
250 ## - EDITION STATEMENT
Edition statement 1st ed.
260 ## - PUBLICATION, DISTRIBUTION, ETC. (IMPRINT)
Place of publication, distribution, etc. Bombay :
Date of publication, distribution, etc. [1946]
Name of publisher, distributor, etc. D.B. Taraporevala
300 ## - PHYSICAL DESCRIPTION
Pagination viii, 150 p. :
Size 19 cm.
Illustrations ill. ;
650 #0 - SUBJECT ADDED ENTRY--TOPICAL TERM
Topical term or geographic name as entry element Gardening
Geographic subdivision India.
9 (RLIN) 228636
906 ## - LOCAL DATA ELEMENT F, LDF (RLIN)
a 0
b cbc
c premunv
d u
e ncip
f 19
g y-gencatlg
942 ## - ADDED ENTRY ELEMENTS (KOHA)
Source of classification or shelving scheme Dewey Decimal Classification
Koha item type Books
Holdings
Lost status Source of classification or shelving scheme Damaged status Not for loan Collection code Permanent Location Current Location Shelving location Date acquired Source of acquisition Cost, normal purchase price Total Checkouts Full call number Date last seen Copy number Koha item type
  Dewey Decimal Classification   Not For Loan Non-fiction Central Library, University of Rajshahi Central Library, University of Rajshahi Reading Room 18/02/1956 O.B.D. Stationary 4.00   635.0954 BIG 1946 26/02/2019 C-1 Books